[Event "Stuttgart-chB int"]
[Site "Ditzingen"]
[Date "2010.05.16"]
[Round "7"]
[White "Moll, Nino"]
[Black "Kruck, Matthias"]
[Result "1/2-1/2"]
[WhiteElo "1336"]
[BlackElo "1638"]
[PlyCount "102"]
[EventDate "2010.05.13"]
[EventType "swiss"]
[EventRounds "7"]
[EventCountry "GER"]
[SourceTitle "EXT 2018"]
[Source "ChessBase"]
[SourceDate "2017.10.13"]
[SourceVersion "1"]
[SourceVersionDate "2017.10.13"]
[SourceQuality "1"]

1. e4 c5 2. Nf3 Nc6 3. d4 cxd4 4. Nxd4 Nf6 5. Nxc6 bxc6 6. Nc3 Qc7 7. Qf3 g6 8. Bf4 d6 9. Bd3 Bg7 10. 0-0 0-0 11. Rfe1 e5 12. Bd2 Be6 13. Qe2 Rab8 14. Nd1 a5 15. b3 Nd7 16. Rb1 Nc5 17. c4 Nxd3 18. Qxd3 c5 19. Nc3 Rfd8 20. Nd5 Bxd5 21. Qxd5 Rd7 22. Bc1 Qb7 23. Bd2 Qxd5 24. exd5 Ra7 25. Re3 f5 26. Bc3 a4 27. Re2 axb3 28. axb3 Rab7 29. Reb2 e4 30. Bxg7 Kxg7 31. Kf1 Kf6 32. Ke2 Ke5 33. g3 g5 34. f3 exf3+ 35. Kxf3 Kd4 36. h4 h6 37. hxg5 hxg5 38. g4 f4 39. Rd1+ Kc3 40. Rdd2 Rxb3 41. Rdc2+ Kd4+ 42. Rxb3 Rxb3+ 43. Kf2 Rc3 44. Rxc3 Kxc3 45. Ke2 Kxc4 46. Kd2 Kxd5 47. Kd3 c4+ 48. Kd2 f3 49. Ke3 f2 50. Ke2 c3 51. Ke3 f1Q 1/2-1/2

[Event "Stuttgart-chB int"]
[Site "Ditzingen"]
[Date "2010.05.14"]
[Round "3"]
[White "Hua, Qi Cheng"]
[Black "Moll, Nino"]
[Result "1-0"]
[WhiteElo "1656"]
[BlackElo "1336"]
[PlyCount "35"]
[EventDate "2010.05.13"]
[EventType "swiss"]
[EventRounds "7"]
[EventCountry "GER"]
[SourceTitle "EXT 2018"]
[Source "ChessBase"]
[SourceDate "2017.10.13"]
[SourceVersion "1"]
[SourceVersionDate "2017.10.13"]
[SourceQuality "1"]

1. d4 g6 2. c4 Bg7 3. Nc3 d6 4. e4 b6 5. f4 Bb7 6. Be3 Nd7 7. Nf3 Ngf6 8. e5 Ne4 9. Bd3 Nxc3 10. bxc3 dxe5 11. fxe5 0-0 12. Qd2 Bxf3 13. gxf3 e6 14. h4 h5 15. 0-0-0 Qe7 16. Rdg1 Kh7 17. Rg5 Bh6 18. Rxh5 1-0